| 000 | 00320nam a2200109 4500 | ||
|---|---|---|---|
| 999 |
_c13481 _d13481 |
||
| 008 | 190327b ||||| |||| 00| 0 eng d | ||
| 245 | _aRelatives of slain bullying victim, 11, cries for justice. | ||
| 260 |
_aPhilippines _bThe Philippine Star _cc2019 |
||
| 300 | _apage 3. | ||
| 650 | 0 |
_937714 _aBullies. |
|
| 942 |
_2ddc _cPER |
||